[Event "Viljandimaa MV"]
[Site "?"]
[Date "2005.10.29"]
[Round "1"]
[White "Tirol, Tarmo"]
[Black "Kolk, Marek"]
[Result "1-0"]
[WhiteElo "1980"]
[BlackElo "2152"]
[PlyCount "108"]

1. e4 c5 2. Nf3 Nc6 3. d4 cxd4 4. Nxd4 Nf6 5. Nc3 d6 6. Be2 g6 7. Be3 Bg7 8.
Qd2 Ng4 9. Bxg4 Bxg4 10. f3 Bd7 11. Nxc6 bxc6 12. Bd4 O-O 13. Bxg7 Kxg7 14.
Qd4+ Kg8 15. O-O Rb8 16. b3 Qa5 17. Nd1 c5 18. Qf2 c4 19. Ne3 Be6 20. Kh1 Qc5
21. Rfe1 a5 22. f4 f5 23. exf5 Rxf5 24. Qh4 Rf7 25. h3 cxb3 26. axb3 Rb4 27.
Qg5 Qxg5 28. fxg5 Rb5 29. h4 Re5 30. Kg1 Rf4 31. g3 Rf3 32. Nf1 Bh3 33. Rxe5
dxe5 34. Nd2 Rxg3+ 35. Kf2 Rg2+ 36. Ke3 Kf7 37. c4 Ke6 38. Rxa5 Rg3+ 39. Kf2
Rg2+ 40. Ke3 Rg3+ 41. Kf2 Rg2+ 42. Ke3 Kf5 43. Nf3 Rb2 44. Rxe5+ Kg4 45. Re4+
Kg3 46. Nd2 Bf5 47. Rxe7 Kxh4 48. Rxh7+ Kxg5 49. c5 Be6 50. Re7 Bxb3 51. Rb7
Rc2 52. Rxb3 Rxc5 53. Ne4+ Kf5 54. Nxc5 g5 1-0

[Event "Viljandimaa MV"]
[Site "?"]
[Date "2005.10.29"]
[Round "1"]
[White "Elmaste, Gert"]
[Black "Kanep, Siim"]
[Result "1/2-1/2"]
[WhiteElo "2218"]
[BlackElo "2216"]
[PlyCount "97"]

1. e4 d6 2. Nf3 Nf6 3. c3 Nbd7 4. Qc2 g6 5. d4 Bg7 6. Bd3 O-O 7. Bg5 e5 8. Nbd2
Qe8 9. O-O Nh5 10. Rae1 f6 11. Be3 g5 12. Kh1 Kh8 13. Nc4 Nf4 14. Bxf4 gxf4 15.
Nh4 Rg8 16. Qe2 Nf8 17. Nf5 Ng6 18. Qh5 Be6 19. Nd2 Bf7 20. Bc4 Bxc4 21. Nxc4
Qa4 22. Qe2 f3 23. gxf3 Nf4 24. b3 Qe8 25. Qe3 Qh5 26. Rg1 Bh6 27. Nxh6 Qxh6
28. Rg3 Rg5 29. Rxg5 Qxg5 30. Rg1 Qh5 31. Nb2 Rg8 32. Rg3 Rg6 33. Kg1 Qh3 34.
Qd2 Qh5 35. Nd3 Qxf3 36. Nxf4 exf4 37. Rxg6 hxg6 38. e5 fxe5 39. dxe5 Qg4+ 40.
Kf1 Qh3+ 41. Kg1 Qg4+ 42. Kf1 f3 43. Qe3 dxe5 44. Qxe5+ Kg8 45. Qe8+ Kh7 46.
Qf7+ Kh6 47. Qf8+ Kh5 48. Qh8+ Kg5 49. Qd8+ 1/2-1/2

[Event "Viljandimaa MV"]
[Site "?"]
[Date "2005.10.29"]
[Round "1"]
[White "Vahtra, Tuuli"]
[Black "Braschinsky, Leo"]
[Result "1/2-1/2"]
[WhiteElo "2029"]
[BlackElo "2143"]
[PlyCount "56"]

1. d4 Nf6 2. Bg5 Ne4 3. Bf4 d5 4. Nd2 Nxd2 5. Qxd2 e6 6. Nf3 Bd6 7. Bxd6 Qxd6
8. e3 O-O 9. Bd3 Nd7 10. O-O b6 11. e4 dxe4 12. Bxe4 c6 13. c3 Nf6 14. Bc2 Ba6
15. Bd3 Bb7 16. Qe2 Rad8 17. Rad1 g6 18. Qe5 Qxe5 19. Nxe5 Rfe8 20. Rfe1 Kf8
21. Bc2 Nd7 22. Be4 Nxe5 23. dxe5 Ke7 24. f3 Rxd1 25. Rxd1 Rb8 26. Kf2 c5 27.
Ke3 Bxe4 28. Kxe4 h6 1/2-1/2

[Event "Viljandimaa MV"]
[Site "?"]
[Date "2005.10.29"]
[Round "1"]
[White "Kaldma, Arnold"]
[Black "Mõndresku, Ion"]
[Result "0-1"]
[WhiteElo "1875"]
[BlackElo "2073"]
[PlyCount "36"]
[EventDate "2005.??.??"]

1. d4 d5 2. Nf3 c6 3. c3 e6 4. Nbd2 Bd6 5. e4 Nd7 6. Bd3 Ne7 7. O-O O-O 8. e5
Bc7 9. Bxh7+ Kh8 10. Ng5 Ng8 11. Qh5 Nh6 12. Bg6 Qe8 13. Ndf3 fxg6 14. Qh3 Nb6
15. a4 a5 16. Nf7+ Rxf7 17. Bxh6 gxh6 18. Qxh6+ Rh7 0-1

[Event "Viljandimaa MV"]
[Site "?"]
[Date "2005.10.29"]
[Round "1"]
[White "Kartau, Rein"]
[Black "Kuldsepp, Tanel"]
[Result "0-1"]
[WhiteElo "1898"]
[BlackElo "2194"]
[PlyCount "56"]

1. d4 Nf6 2. Bg5 c5 3. Nf3 e6 4. Nbd2 d5 5. e3 Qb6 6. Qc1 Nc6 7. c3 Bd7 8. dxc5
Bxc5 9. a4 a5 10. Bb5 Rc8 11. Bxf6 gxf6 12. Qd1 Rg8 13. g3 e5 14. h3 e4 15. Nd4
Ne5 16. Bxd7+ Kxd7 17. O-O Bxd4 18. exd4 Nd3 19. Qh5 Qe6 20. Kh2 Rg5 21. Qxh7
f5 22. h4 Rg4 23. f3 Rg6 24. fxe4 dxe4 25. h5 Rg5 26. c4 Rcg8 27. Nxe4 Qxe4 28.
Qxf7+ Kc8 0-1

[Event "Viljandimaa MV"]
[Site "?"]
[Date "2005.10.29"]
[Round "1"]
[White "Kuldsepp, Tanel"]
[Black "Vahtra, Tuuli"]
[Result "1/2-1/2"]
[WhiteElo "2194"]
[BlackElo "2026"]
[PlyCount "53"]

1. d4 f5 2. c4 Nf6 3. Nc3 e6 4. Nf3 Bb4 5. Qb3 Bxc3+ 6. bxc3 Ne4 7. g3 Nc6 8.
d5 Na5 9. Qa4 c6 10. Ba3 cxd5 11. cxd5 Nxc3 12. Qd4 Nxd5 13. Qxg7 Qf6 14. Qxf6
Nxf6 15. Rc1 b6 16. Bg2 Bb7 17. O-O Bd5 18. Nd4 Kf7 19. Rc7 Rac8 20. Rxa7 Bxa2
21. Nf3 Nc6 22. Rb7 Rb8 23. Rxb8 Rxb8 24. Bd6 Rc8 25. e3 Ne4 26. Ne5+ Nxe5 27.
Bxe5 1/2-1/2

[Event "Viljandimaa MV"]
[Site "?"]
[Date "2005.10.29"]
[Round "2"]
[White "Kolk, Marek"]
[Black "Kartau, Rein"]
[Result "1-0"]
[WhiteElo "2152"]
[BlackElo "1898"]
[PlyCount "63"]

1. c4 c6 2. Nf3 d5 3. g3 Nf6 4. Bg2 Nbd7 5. d4 Ne4 6. Nc3 Ndf6 7. Ne5 Qa5 8.
O-O Nxc3 9. bxc3 g6 10. cxd5 Nxd5 11. Bd2 Qd8 12. Qb3 e6 13. c4 Nf6 14. Rad1
Bd6 15. Bg5 h6 16. Nxc6 bxc6 17. Bxf6 Qxf6 18. Bxc6+ Bd7 19. Bxa8 O-O 20. Bg2
h5 21. e4 Bc7 22. Qb7 Rc8 23. c5 Qd8 24. Rb1 a6 25. c6 Be8 26. Qxa6 Ra8 27. Qc4
Ra3 28. Rb7 h4 29. d5 exd5 30. exd5 Qd6 31. Qxh4 f6 32. Qb4 1-0

[Event "Viljandimaa MV"]
[Site "?"]
[Date "2005.10.29"]
[Round "2"]
[White "Mõndresku, Ion"]
[Black "Kanep, Siim"]
[Result "0-1"]
[WhiteElo "2073"]
[BlackElo "2216"]
[PlyCount "102"]

1. d4 Nf6 2. c4 c6 3. Nc3 d5 4. cxd5 cxd5 5. Nf3 Nc6 6. e3 Bg4 7. Be2 Rc8 8.
O-O e6 9. Qb3 Bb4 10. Ne5 Bxe2 11. Nxc6 Rxc6 12. Nxe2 Qb6 13. a3 Bd6 14. Qxb6
Rxb6 15. Nc3 Kd7 16. Rb1 Rc8 17. Bd2 Rb3 18. f3 Rc4 19. Rfe1 b5 20. Na2 Rc2 21.
Bc3 Bxa3 22. Nc1 Rbxc3 23. bxc3 Rxc3 24. Na2 Rc2 25. Nb4 Rc4 26. Nd3 b4 27.
Ne5+ Kc7 28. Nxc4 dxc4 29. Ra1 Kb6 30. Rxa3 bxa3 31. Ra1 Kb5 32. Rxa3 a5 33.
Kf2 Kb4 34. Ra1 Nd5 35. Ke2 a4 36. Kd2 a3 37. e4 c3+ 38. Kd3 Nf4+ 39. Kc2 Ne2
40. Kd3 Nf4+ 41. Kc2 Nxg2 42. d5 exd5 43. exd5 Ne3+ 44. Kd3 Nxd5 45. Rb1+ Ka4
46. Kc2 a2 47. Re1 Ka3 48. Ra1 Nb6 49. Kxc3 Na4+ 50. Kc2 Nc5 51. Re1 Nb3 0-1

[Event "Viljandimaa MV"]
[Site "?"]
[Date "2005.10.29"]
[Round "2"]
[White "Kaldma, Arnold"]
[Black "Tirol, Tarmo"]
[Result "0-1"]
[WhiteElo "1980"]
[BlackElo "1875"]
[PlyCount "74"]

1. d4 d5 2. Nf3 Bf5 3. c3 Nf6 4. e3 e6 5. Bd3 Bxd3 6. Qxd3 Nbd7 7. O-O a6 8.
Nbd2 Be7 9. e4 dxe4 10. Nxe4 O-O 11. Re1 c5 12. Bg5 Nxe4 13. Bxe7 Nxf2 14.
Qxh7+ Kxh7 15. Bxd8 Rfxd8 16. Kxf2 cxd4 17. Nxd4 e5 18. Nf3 f6 19. Rad1 Nc5 20.
Ke3 Na4 21. Rxd8 Rxd8 22. Re2 Kg6 23. Rc2 Rc8 24. c4 Kf5 25. b3 Nc5 26. Rd2 g5
27. Rd5 g4 28. Nh4+ Ke6 29. Rd2 Rh8 30. g3 f5 31. Rd5 Rc8 32. Ng6 Nd7 33. Kf2
b5 34. Nh4 bxc4 35. bxc4 Rxc4 36. Rd2 Nc5 37. Rb2 Nd3+ 0-1

[Event "Viljandimaa MV"]
[Site "?"]
[Date "2005.10.29"]
[Round "2"]
[White "Braschinsky, Leo"]
[Black "Elmaste, Gert"]
[Result "1/2-1/2"]
[WhiteElo "2143"]
[BlackElo "2218"]
[PlyCount "94"]

1. c4 c6 2. Nf3 d5 3. d4 Nf6 4. Nc3 e6 5. e3 Bd6 6. Bd3 Nbd7 7. O-O O-O 8. e4
dxe4 9. Nxe4 Nxe4 10. Bxe4 Nf6 11. Bc2 b6 12. Bg5 Be7 13. Qd3 g6 14. Ne5 Bb7
15. Bh6 Re8 16. Rad1 Nd7 17. Qf3 Nxe5 18. dxe5 Qc7 19. Qe3 Rad8 20. Rxd8 Rxd8
21. Rd1 c5 22. Rxd8+ Qxd8 23. Bf4 Bf8 24. Bg5 Qd7 25. Qd2 Qc7 26. Bf6 Bg7 27.
Bxg7 Kxg7 28. Qe3 Qd8 29. Qf4 Kg8 30. h4 h5 31. Qg5 Qxg5 32. hxg5 Bc6 33. g3
Kf8 34. f4 Ke7 35. Kf2 Kd7 36. Ke3 Kc7 37. Bd1 Bg2 38. Be2 Bh3 39. Bd3 Bg4 40.
Bc2 Bh3 41. Bd3 a6 42. Be2 Bg2 43. Bd3 Bc6 44. Be2 b5 45. cxb5 axb5 46. a3 Kb6
47. b4 Bd5 1/2-1/2

[Event "Viljandimaa MV"]
[Site "?"]
[Date "2005.11.12"]
[Round "3"]
[White "Elmaste, Gert"]
[Black "Kuldsepp, Tanel"]
[Result "1-0"]
[WhiteElo "2218"]
[BlackElo "2194"]
[PlyCount "85"]

1. e4 Nf6 2. e5 Nd5 3. d4 d6 4. Nf3 g6 5. Bc4 Nb6 6. Bb5+ c6 7. Bd3 Bg7 8. Bf4
dxe5 9. Bxe5 Bxe5 10. dxe5 Bg4 11. Nbd2 Qd5 12. Qe2 N8d7 13. O-O O-O-O 14. a4
Nc5 15. a5 Nxd3 16. axb6 Nb4 17. bxa7 Kc7 18. Ra4 Bxf3 19. Nxf3 Na6 20. Qe3 c5
21. Qc3 Kb6 22. a8=N+ Rxa8 23. Qa5+ Kc6 24. c4 Qe6 25. b4 Qxc4 26. bxc5 Qxc5
27. Qd2 Rad8 28. Qf4 Kb6 29. Rc4 Qd5 30. Qe3+ Nc5 31. Rfc1 Rc8 32. Nd4 Rhd8 33.
h3 Ka7 34. Nb5+ Kb6 35. Nd4 Ka7 36. Nb3 b6 37. Nxc5 Rxc5 38. Rxc5 bxc5 39. Rxc5
Qd1+ 40. Kh2 Kb7 41. Qc3 Qd4 42. Qb3+ Ka6 43. Qb5+ 1-0

[Event "Viljandimaa MV"]
[Site "?"]
[Date "2005.11.12"]
[Round "3"]
[White "Tirol, Tarmo"]
[Black "Mõndresku, Ion"]
[Result "1-0"]
[WhiteElo "1980"]
[BlackElo "2073"]
[PlyCount "85"]

1. e4 e5 2. Nf3 Nc6 3. Bb5 f5 4. d3 d6 5. O-O Be7 6. Re1 Nf6 7. Nbd2 O-O 8. c3
h6 9. Bc4+ Kh8 10. Nh4 Kh7 11. exf5 Ng8 12. Ng6 Rxf5 13. Nxe7 Ngxe7 14. Nf1 Qf8
15. Be3 d5 16. Bb5 d4 17. Bd2 Rxf2 18. Rc1 a6 19. Ba4 b5 20. Bb3 Bb7 21. Re2
Rf6 22. Ng3 Qd8 23. Ne4 Rf8 24. Be1 Ng6 25. Bg3 dxc3 26. bxc3 Qe7 27. Bf2 Nf4
28. Re3 Rad8 29. Bc2 Kh8 30. Rg3 Ne6 31. Rg6 Rd7 32. Be3 Ncd8 33. Qg4 Bxe4 34.
Qxe4 Nf4 35. d4 Qa3 36. Rxh6+ gxh6 37. Qxe5+ Kg8 38. Bxf4 Nf7 39. Qe6 Rfd8 40.
Qg6+ Kf8 41. Rf1 Qxa2 42. Bxh6+ Ke7 43. Bg5+ 1-0

[Event "Viljandimaa MV"]
[Site "?"]
[Date "2005.11.18"]
[Round "3"]
[White "Vahtra, Tuuli"]
[Black "Kolk, Marek"]
[Result "1-0"]
[WhiteElo "2029"]
[BlackElo "2152"]
[PlyCount "91"]
[EventDate "2005.??.??"]

1. Nf3 Nf6 2. e3 d5 3. b3 g6 4. Bb2 Bg7 5. Be2 O-O 6. O-O c5 7. c4 Nc6 8. d4
cxd4 9. Nxd4 Bd7 10. Nd2 e6 11. cxd5 exd5 12. Rc1 Re8 13. a3 Rc8 14. N2f3 Ne4
15. Nxc6 bxc6 16. Bxg7 Kxg7 17. Qd4+ Kg8 18. b4 a5 19. Ne5 axb4 20. axb4 Qe7
21. Nd3 $4 Rb8 $2 (21... Nd2 22. Rfd1 Nb3 $17) 22. Rc2 Rb7 23. Rb2 Reb8 24.
Rfb1 f6 $2 (24... Rb6) 25. f3 Nd6 26. Nc5 Nf5 27. Qc3 Ra7 28. e4 $1 dxe4 29.
fxe4 Nd6 30. Rd1 Be8 31. Rf1 Kg7 32. Bg4 Bf7 33. Rbf2 Qe5 34. Qxe5 fxe5 35. Rf6
Rd8 $4 (35... Ne8 36. Rxc6 Rxb4 $14) 36. Be6 Bg8 37. Bxg8 Kxg8 38. Ne6 Raa8 39.
Nxd8 Rxd8 40. Rd1 Rb8 41. Rfxd6 Rxb4 42. Rxc6 Rxe4 43. Rd7 Rf4 44. Rc8+ Rf8 45.
Rxf8+ Kxf8 46. Kf2 1-0

[Event "Viljandimaa MV"]
[Site "?"]
[Date "2005.11.12"]
[Round "3"]
[White "Kanep, Siim"]
[Black "Brascinsky, Leo"]
[Result "1/2-1/2"]
[WhiteElo "2216"]
[BlackElo "2143"]
[PlyCount "88"]

1. Nf3 Nf6 2. c4 e6 3. g3 b6 4. Bg2 Bb7 5. O-O Be7 6. d4 O-O 7. Nc3 Ne4 8. Bd2
f5 9. d5 Bf6 10. Rc1 Nxc3 11. Bxc3 Bxc3 12. Rxc3 Qf6 13. Re3 Na6 14. Ne5 Rad8
15. dxe6 dxe6 16. Nd7 Qe7 17. Rd3 Bxg2 18. Kxg2 Rfe8 19. a3 Nb8 20. Nxb8 Rxd3
21. Qxd3 Rxb8 22. Rd1 Rf8 23. b4 h6 24. f4 a6 25. Qd4 Rf7 26. c5 Qe8 27. Qd8
Qxd8 28. Rxd8+ Rf8 29. Rd7 Rf7 30. Rd3 bxc5 31. bxc5 Re7 32. Kf3 e5 33. Rb3
exf4 34. gxf4 Re6 35. Rd3 Rc6 36. Rd5 g6 37. Ke3 Re6+ 38. Kd3 Kf8 39. h4 h5 40.
Rd7 Re7 41. Rxe7 Kxe7 42. Kd4 Ke6 43. Kc4 c6 44. Kd4 Kf6 1/2-1/2

[Event "Viljandimaa MV"]
[Site "?"]
[Date "2005.11.12"]
[Round "3"]
[White "Kartau, Rein"]
[Black "Kaldma, Arnold"]
[Result "1-0"]
[WhiteElo "1898"]
[BlackElo "1875"]
[PlyCount "77"]

1. d4 f5 2. c4 Nf6 3. Nc3 g6 4. Nh3 Bg7 5. g3 d6 6. Bg2 c6 7. O-O O-O 8. Nf4
Qc7 9. d5 a6 10. Re1 Ng4 11. h3 Ne5 12. Qb3 Bf6 13. Be3 Bd7 14. c5 Kg7 15. dxc6
bxc6 16. cxd6 exd6 17. Rad1 Nf7 18. Qc2 Qd8 19. Na4 a5 20. Bb6 Qc8 21. e4 fxe4
22. Bxe4 Bf5 23. Nh5+ gxh5 24. Bxf5 Nd7 25. Bxh7 Nde5 26. Kg2 Rh8 27. Bf5 Qb7
28. f4 Nd7 29. Bf2 Rae8 30. Be4 d5 31. Bf3 Nd6 32. Rxe8 Nxe8 33. Qf5 Nd6 34.
Qc2 Nf7 35. b3 h4 36. g4 Qc7 37. g5 Be7 38. Qf5 Kg8 39. Bd4 1-0

[Event "Viljandimaa MV"]
[Site "?"]
[Date "2005.11.16"]
[Round "4"]
[White "Kaldma, Arnold"]
[Black "Vahtra, Tuuli"]
[Result "1-0"]
[WhiteElo "1875"]
[BlackElo "2029"]
[PlyCount "91"]
[EventDate "2005.??.??"]

1. d4 d5 2. Nf3 Nf6 3. c3 g6 4. e3 Bg7 5. Bd3 Nbd7 6. Nbd2 c5 7. O-O O-O 8. Re1
e5 9. Nxe5 Nxe5 10. dxe5 Ng4 11. f4 d4 12. Nf3 dxc3 13. bxc3 Qa5 14. Qc2 Bd7
15. c4 Ba4 16. Qd2 Qc7 17. h3 Nh6 18. Bb2 Rad8 19. Qe2 a6 20. Bc2 Bd7 21. a4
Rb8 22. Bd3 Rfd8 23. Bc3 Bc6 24. Ng5 Qe7 25. Be4 Bd7 26. Bd5 b5 27. axb5 axb5
28. Ra7 b4 29. Bb2 Rb6 30. Rd1 Qe8 31. e4 Be6 32. Qf2 Qf8 33. Rda1 Kh8 34. Rc7
Bxd5 35. exd5 Rc8 36. Raa7 Ra8 37. Nxf7+ Nxf7 38. Rxf7 Rxa7 39. Rxf8+ Bxf8 40.
d6 Kg8 41. Qxc5 Rbb7 42. Qd5+ Kh8 43. e6+ Bg7 44. Bxg7+ Kxg7 45. d7 Ra1+ 46.
Kh2 1-0

[Event "Viljandimaa MV"]
[Site "?"]
[Date "2005.11.12"]
[Round "4"]
[White "Kolk, Marek"]
[Black "Elmaste, Gert"]
[Result "1-0"]
[WhiteElo "2152"]
[BlackElo "2218"]
[PlyCount "116"]

1. c4 c6 2. Nf3 d5 3. g3 Nf6 4. Bg2 dxc4 5. a4 g6 6. Na3 Bg7 7. Nxc4 O-O 8. O-O
Be6 9. b3 Qc8 10. Ba3 Re8 11. d4 Bh3 12. Rc1 Bxg2 13. Kxg2 Nbd7 14. Qd3 Qd8 15.
Rfd1 Nb6 16. e4 Nxc4 17. bxc4 e6 18. Rb1 b6 19. e5 Nd7 20. Qe4 Qc8 21. Bd6 c5
22. d5 exd5 23. Qxd5 Nf8 24. Bxf8 Kxf8 25. Ng5 Qf5 26. f4 Bxe5 27. fxe5 Qxg5
28. Rf1 f5 29. exf6 Re2+ 30. Rf2 Qxd5+ 31. cxd5 Rxf2+ 32. Kxf2 Rd8 33. a5 Rd6
34. Ke3 Rxf6 35. Ke4 Ke7 36. g4 g5 37. Ke5 Rh6 38. axb6 axb6 39. Ra1 Rxh2 40.
Ra7+ Kd8 41. Rb7 Rh6 42. d6 Rh2 43. Rxb6 c4 44. Kd5 Rd2+ 45. Kc6 Kc8 46. Ra6
Kb8 47. d7 c3 48. Ra3 c2 49. Rb3+ Ka7 50. Rc3 Kb8 51. Rc5 h6 52. Rb5+ Ka7 53.
Rc5 Kb8 54. Rc3 Ka7 55. Kc7 Rd3 56. Rxc2 Ka6 57. d8=Q Rxd8 58. Kxd8 Kb6 1-0

[Event "Viljandimaa MV"]
[Site "?"]
[Date "2005.11.12"]
[Round "4"]
[White "Tirol, Tarmo"]
[Black "Kartau, Rein"]
[Result "1-0"]
[WhiteElo "1980"]
[BlackElo "1898"]
[PlyCount "47"]

1. e4 e6 2. d4 d5 3. Nd2 Nf6 4. e5 Nfd7 5. Bd3 c5 6. c3 Nc6 7. Ne2 cxd4 8. cxd4
f5 9. exf6 Nxf6 10. O-O Bd6 11. Nf3 Ne7 12. Re1 Bd7 13. Bf4 Qb8 14. Qd2 h6 15.
Ne5 g5 16. Be3 Nf5 17. Ng3 Bxe5 18. Nxf5 exf5 19. dxe5 Ne4 20. Qb4 a5 21. Qb6
Qxe5 22. Bd4 Qxd4 23. Qxd4 O-O 24. Qxd5+ 1-0

[Event "Viljandimaa MV"]
[Site "?"]
[Date "2005.11.12"]
[Round "4"]
[White "Mõndresku, Ion"]
[Black "Braschinsky, Leo"]
[Result "0-1"]
[WhiteElo "2073"]
[BlackElo "2143"]
[PlyCount "66"]

1. d4 Nf6 2. c4 e6 3. Nc3 Bb4 4. Qc2 d5 5. e3 O-O 6. Nf3 c5 7. a3 Bxc3+ 8. bxc3
Qc7 9. Bd3 Nbd7 10. O-O dxc4 11. Bxc4 cxd4 12. cxd4 Nb6 13. Bd3 Qxc2 14. Bxc2
Bd7 15. Bd3 Rfc8 16. Ne5 Ba4 17. Bd2 Bc2 18. Be2 Nfd7 19. Nxd7 Nxd7 20. Bf3 Rc7
21. Bb4 Nb6 22. Ba5 Rac8 23. g4 h6 24. Rfc1 Bd3 25. Rxc7 Rxc7 26. Ra2 Rc1+ 27.
Kg2 Bf1+ 28. Kg3 Nc4 29. Bb4 a5 30. Bd2 Rb1 31. Rc2 Bd3 32. Ra2 Rg1+ 33. Kh3
Bb1 0-1

[Event "Viljandimaa MV"]
[Site "?"]
[Date "2005.11.12"]
[Round "4"]
[White "Kuldsepp, Tanel"]
[Black "Kanep, Siim"]
[Result "1/2-1/2"]
[WhiteElo "2194"]
[BlackElo "2216"]
[PlyCount "87"]

1. e4 c5 2. Nf3 d6 3. d4 cxd4 4. c3 d3 5. Bxd3 Nc6 6. O-O Bg4 7. Bc4 e6 8. h3
Bxf3 9. Qxf3 Nf6 10. Bf4 Qc7 11. Nd2 Be7 12. Rfd1 O-O 13. a4 Nd7 14. Bb3 Nce5
15. Qg3 Kh8 16. Nf3 Nxf3+ 17. Qxf3 Rad8 18. Rd2 Nc5 19. Bc2 e5 20. Be3 Ne6 21.
a5 Bg5 22. Bxg5 Nxg5 23. Qe3 Ne6 24. Qxa7 Ra8 25. Qe3 Rxa5 26. Rxa5 Qxa5 27. b4
Qc7 28. g3 Rc8 29. Rd3 h6 30. Bb3 b5 31. f4 exf4 32. gxf4 Qe7 33. f5 Ng5 34. h4
Nxe4 35. f6 Qe5 36. Rd5 Rxc3 37. Rxe5 Rxe3 38. Re8+ Kh7 39. Bxf7 gxf6 40. h5
Kg7 41. Bg6 d5 42. Re7+ Kf8 43. Re8+ Kg7 44. Re7+ 1/2-1/2

[Event "Viljandimaa MV"]
[Site "?"]
[Date "2005.11.14"]
[Round "5"]
[White "Vahtra, Tuuli"]
[Black "Tirol, Tarmo"]
[Result "1-0"]
[WhiteElo "2029"]
[BlackElo "1980"]
[PlyCount "81"]
[EventDate "2005.??.??"]

1. c4 c5 2. Nf3 Nf6 3. d4 cxd4 4. Nxd4 d5 5. cxd5 Nxd5 6. e4 Nb6 7. Bb5+ Bd7 8.
O-O e6 9. Nc3 Bb4 10. Qg4 Qf6 11. e5 Qg6 12. Qf3 O-O 13. Bd3 f5 14. exf6 Qxf6
15. Qe4 Bd6 16. Qxh7+ Kf7 17. Qh5+ g6 18. Qh7+ Ke8 19. Qxg6+ Qxg6 20. Bxg6+ Kd8
21. Rd1 Rh8 22. Nxe6+ Ke7 23. Nf4 Nc6 24. Ncd5+ Nxd5 25. Nxd5+ Ke6 26. f4 Nd4
27. Be3 Nf5 28. Bxf5+ Kxf5 29. Nc7 Rac8 30. Rxd6 Rxc7 31. Rad1 Be6 32. g4+ Kxg4
33. Rxe6 Rg8 34. Kf2 Rh8 35. Rg6+ Kf5 36. Rg5+ Ke6 37. Rg2 Rh3 38. Re1 Kf5 39.
Rg5+ Kf6 40. Bd4+ Kf7 41. Rg7+ 1-0

[Event "Viljandimaa MV"]
[Site "?"]
[Date "2005.11.13"]
[Round "5"]
[White "Kanep, Siim"]
[Black "Kolk, Marek"]
[Result "1-0"]
[WhiteElo "2216"]
[BlackElo "2152"]
[PlyCount "121"]

1. d4 Nf6 2. Bg5 e6 3. e4 h6 4. Bxf6 Qxf6 5. c3 d6 6. Bd3 g6 7. Ne2 Bg7 8. O-O
b6 9. f4 O-O 10. e5 Qe7 11. Nd2 Bb7 12. Ng3 Nd7 13. Qe2 c5 14. Nge4 cxd4 15.
cxd4 Bxe4 16. Nxe4 d5 17. Nd6 Rfd8 18. Rac1 Nb8 19. Qc2 Rxd6 20. exd6 Bxd4+ 21.
Kh1 Qd8 22. Bxg6 $1 Nd7 23. Bd3 $2 Nf8 24. Qd2 Bc5 25. Rf3 Qf6 26. Rg3+ Kh8 27.
Rh3 Kg7 28. Rf1 Bxd6 29. Qe2 Nd7 30. Bb1 Nc5 31. Rg3+ Kf8 32. b4 Nd7 33. a3 Rc8
34. Rgf3 Ke7 35. Ba2 Qf5 36. Bb1 Qf6 37. Bd3 Rc3 38. Bb5 Rxf3 39. Qxf3 Qb2 40.
Bxd7 Kxd7 41. f5 Qe5 42. fxe6+ fxe6 43. g3 Be7 44. Kg2 a5 45. Qd3 Qc7 46. bxa5
bxa5 47. Qb5+ Kd6 48. Rf7 d4 49. Qa6+ Kd5 50. Qa8+ Ke5 51. Rf4 Bc5 52. Re4+ Kd6
53. Qa6+ Bb6 $2 54. Rxd4+ Ke5 55. Rc4 Qd6 56. Rc2 Qd5+ 57. Kh3 Kf6 58. Qe2 Qf5+
59. Kg2 Ke7 60. a4 Bc5 61. Qc4 1-0

[Event "Viljandimaa MV"]
[Site "?"]
[Date "2005.11.13"]
[Round "5"]
[White "Braschinsky, Leo"]
[Black "Kuldsepp, Tanel"]
[Result "0-1"]
[WhiteElo "2143"]
[BlackElo "2192"]
[PlyCount "36"]

1. c4 e5 2. Nc3 d6 3. g3 c6 4. d4 Be7 5. Nf3 Nd7 6. Bg2 f5 7. e4 fxe4 8. Nxe4
d5 9. Neg5 e4 10. Ne5 Nxe5 11. dxe5 Bb4+ 12. Kf1 Ne7 13. a3 Bc5 14. b4 Bb6 15.
e6 Nf5 16. c5 Qf6 17. Bf4 Bc7 18. Nxe4 dxe4 0-1

[Event "Viljandimaa MV"]
[Site "?"]
[Date "2005.11.13"]
[Round "5"]
[White "Kartau, Rein"]
[Black "Mõndresku, Ion"]
[Result "1/2-1/2"]
[WhiteElo "1898"]
[BlackElo "2073"]
[PlyCount "67"]

1. d4 d5 2. Nf3 e6 3. c4 c6 4. Nc3 dxc4 5. e4 b5 6. a3 Bb7 7. Be2 Nf6 8. Bg5
Be7 9. h4 h6 10. Bf4 O-O 11. Qd2 h5 12. Ne5 Nbd7 13. Nxd7 Qxd7 14. e5 Nd5 15.
Bxh5 f6 16. Nxd5 exd5 17. Bg6 Qg4 18. h5 fxe5 19. Bxe5 Bg5 20. Qe2 Qxg2 21. Rf1
a5 22. f4 Qxe2+ 23. Kxe2 Bf6 24. f5 b4 25. Bxf6 Rxf6 26. axb4 axb4 27. Rxa8+
Bxa8 28. Ra1 Rf8 29. Ra7 c5 30. Ke3 Rd8 31. h6 gxh6 32. f6 Bc6 33. Rh7 Be8 34.
Rg7+ 1/2-1/2

[Event "Viljandimaa MV"]
[Site "?"]
[Date "2005.11.13"]
[Round "5"]
[White "Elmaste, Gert"]
[Black "Kaldma, Arnold"]
[Result "1-0"]
[WhiteElo "2218"]
[BlackElo "1875"]
[PlyCount "30"]

1. e4 c6 2. d4 d5 3. exd5 cxd5 4. c4 dxc4 5. Bxc4 Nf6 6. Nf3 e6 7. O-O Be7 8.
Nc3 O-O 9. Re1 b6 10. d5 Qc7 11. Bb3 Rd8 12. Qc2 exd5 13. Nxd5 Nxd5 14. Qxc7
Nxc7 15. Rxe7 Ne6 1-0

[Event "Viljandimaa MV"]
[Site "?"]
[Date "2005.11.27"]
[Round "6"]
[White "Kolk, Marek"]
[Black "Braschinsky, Leo"]
[Result "1-0"]
[WhiteElo "2152"]
[BlackElo "2143"]
[PlyCount "43"]

1. c4 c6 2. Nf3 Nf6 3. g3 d5 4. Bg2 e6 5. O-O Nbd7 6. b3 Be7 7. Bb2 O-O 8. Nc3
b6 9. Rc1 Bb7 10. d4 Rc8 11. Re1 c5 12. cxd5 exd5 13. Nh4 Re8 14. Nf5 Bf8 15.
dxc5 Nxc5 16. e3 Ne6 17. Nxd5 Nxd5 $2 (17... Rxc1 $1 18. Nxf6+ Qxf6 $1 19. Qxc1
Qxf5 20. Bxb7 Nc5 21. Bc6 Rc8 22. e4 Qg4 23. Bb5 Nxe4 24. Qf4 Qxf4 25. gxf4 Rc2
26. Rxe4 Rxb2 27. Re2 $11) 18. Rxc8 Qxc8 19. Bxd5 Rd8 20. e4 Bxd5 21. exd5 Qd7
$4 22. Qg4 1-0

[Event "Viljandimaa MV"]
[Site "?"]
[Date "2005.11.27"]
[Round "6"]
[White "Mõndresku, Ion"]
[Black "Kuldsepp, Tanel"]
[Result "0-1"]
[WhiteElo "2073"]
[BlackElo "2192"]
[PlyCount "72"]

1. d4 Nf6 2. c4 e6 3. Nc3 d5 4. e3 Be7 5. Nf3 O-O 6. Bd3 b6 7. O-O Bb7 8. cxd5
Nxd5 9. e4 Nb4 10. Bb1 c5 11. dxc5 Bxc5 12. a3 N4c6 13. Bg5 Be7 14. Bf4 Nd7 15.
e5 Ba6 16. Qc2 g6 17. Rd1 Qc7 18. Ne4 Rac8 19. Ba2 Qb7 20. Qd2 Rfd8 21. Qe3 Na5
22. Bg5 Bxg5 23. Nfxg5 Bc4 24. Nd6 Qc7 25. Rac1 Bxa2 26. Rxc7 Rxc7 27. Ngxf7
Rf8 28. Ng5 Bd5 29. f4 Nc4 30. Nxc4 Rxc4 31. g3 $2 (31. Qh3 $18) 31... Rfc8 32.
Rxd5 exd5 33. e6 d4 34. Qe4 Nf6 35. Qe5 $4 Rc1+ 36. Kg2 R8c2+ 0-1

[Event "Viljandimaa MV"]
[Site "?"]
[Date "2005.11.27"]
[Round "6"]
[White "Tirol, Tarmo"]
[Black "Elmaste, Gert"]
[Result "1/2-1/2"]
[WhiteElo "1980"]
[BlackElo "2218"]
[PlyCount "54"]

1. e4 c6 2. d4 d5 3. Nc3 dxe4 4. Nxe4 Bf5 5. Ng3 Bg6 6. Nf3 Nd7 7. h4 h6 8. h5
Bh7 9. Bd3 Bxd3 10. Qxd3 e6 11. Bf4 Ngf6 12. O-O-O Nd5 13. Bd2 Qc7 14. c4 N5f6
15. Ne4 O-O-O 16. g3 Nxe4 17. Qxe4 Nf6 18. Qe2 c5 19. dxc5 Bxc5 20. b4 Be7 21.
a3 Nd7 22. Bf4 Qc6 23. Nd4 Qa4 24. Nb5 e5 25. Rxd7 (25. Bxe5 Rhe8 26. f4 $3 $16
) 25... Rxd7 26. Qxe5 Bd6 27. Nxd6+ Rxd6 1/2-1/2

[Event "Viljandimaa MV"]
[Site "?"]
[Date "2005.11.27"]
[Round "6"]
[White "Kaldma, Arnold"]
[Black "Kanep, Siim"]
[Result "1/2-1/2"]
[WhiteElo "1875"]
[BlackElo "2216"]
[PlyCount "110"]

1. d4 Nf6 2. c4 g6 3. Nc3 d5 4. cxd5 Nxd5 5. e4 Nxc3 6. bxc3 Bg7 7. Be3 O-O 8.
Bc4 c5 9. Ne2 Nc6 10. O-O cxd4 11. cxd4 Bg4 12. f3 Na5 13. Rc1 Nxc4 14. Rxc4
Bd7 15. Qb3 a6 16. Rd1 Bb5 17. Rc2 Qa5 18. Nc3 Rfc8 19. Nxb5 Rxc2 20. Qxc2 axb5
21. Rb1 h6 22. h3 e6 23. Qb2 Qa4 24. e5 Rc8 25. Qxb5 Qxa2 26. Qb2 Qxb2 27. Rxb2
Rc7 28. Kf2 g5 29. Ke2 f6 30. f4 Kf7 31. fxg5 hxg5 32. exf6 Bxf6 33. Kf3 Rd7
34. Ke4 Kg6 35. Rb6 Kf7 36. Rb5 Kg6 37. Rb6 Re7 38. Rb5 Kh5 39. Bf2 Kg6 40. Be3
Rd7 41. Rb6 Re7 42. Rb5 Rh7 43. Bf2 Rc7 44. Be3 Bd8 45. Rb6 Kf7 46. Rb5 Kg6 47.
Kd3 Rd7 48. Ke4 b6 49. Re5 Rd6 50. Rb5 Rc6 51. Kd3 Rd6 52. Ke4 Bf6 53. Rb1 Bd8
54. Rb5 Rc6 55. Kd3 Bf6 1/2-1/2